Zdroj tepla na drevné štiepky pre Základnú školu v Galante

Guardado en:
Detalles Bibliográficos
Autor principal: Brezina, Zoltán, 1988- (Autor)
Otros Autores: Takács, Ján, 1954- (Orientador)
Formato: Manuscrito Libro
Lenguaje:eslovaco
Publicado: Bratislava : STU v Bratislave SvF, 2014
Materias:
Acceso en línea:VAIS
https://opac.crzp.sk/?fn=detailBiblioForm&sid=501BC45481E06D38211A7B038C20
Etiquetas: Agregar Etiqueta
Sin Etiquetas, Sea el primero en etiquetar este registro!

MARC

LEADER 00000ntm a22000003a 4500
001 stu297584
005 20231115144004.6
008 140919s2014----xo------------------slo-d
040 |a STU  |b slo 
041 0 |a slo 
044 |a xo 
100 1 |a Brezina, Zoltán,  |d 1988-  |4 aut  |u V  |T SvF Stavebná fakulta  |X 49152  |U V  |Y 10  |7 A000049152 
242 0 0 |a Heat source for wood chips for primary schools in Galanta  |y eng 
245 1 |a Zdroj tepla na drevné štiepky pre Základnú školu v Galante 
260 |a Bratislava :  |b STU v Bratislave SvF,  |c 2014 
650 7 |a Building Services  |2 estusub 
650 7 |a renewable  |2 estusub 
650 7 |a energy  |2 estusub 
650 7 |a sources  |2 estusub 
650 7 |a energie  |2 stusub 
700 1 |a Takács, Ján,  |d 1954-  |4 ths  |u V290  |U SvF Stavebná fakulta  |T SvF Katedra technických zariadení budov  |X 663  |U V290  |Y 31  |7 A000000663 
856 4 |a info a plný text  |u http://is.stuba.sk/zp/portal_zp.pl?podrobnosti=101889  |3 VAIS 
856 4 |a CRZP  |u https://opac.crzp.sk/?fn=detailBiblioForm&sid=501BC45481E06D38211A7B038C20